Arsenal Captains - Statistics

General Stats
  • This quiz has been taken 49 times
  • The average score is 12 of 64
Answer Stats
Hint Answer % Correct
1988-2002 Tony Adams
87%
2005-2007 Thierry Henry
83%
2022- Martin Odegaard
80%
2002-2005 Patrick Vieira
80%
2019-2021 Pierre Emerick Aubameyang
78%
2021-2022 Alexandre Lacazette
70%
2019 Granit Xhaka
65%
2018-2019 Laurent Koscielny
65%
2016-2018 Per Mertesacker
61%
2008-2011 Cesc Fabregas
57%
2014-2016 Mikel Arteta
52%
2011-2012 Robin Van Persie
52%
2007-2008 William Gallas
41%
2012-2014 Thomas Vermaelen
35%
1980-1983 David O'leary
28%
1976-1980 Pat Rice
24%
1922-1923 Alex Graham
22%
1986-1988 Kenny Sansom
13%
1933-1937 Alex James
11%
1932-1933 Charlie Jones
9%
1983-1986 Graham Rix
9%
1898-1899 John Anderson
9%
1974-1975 Alan Ball
7%
1975-1976 Alan Ball
7%
1967-1973 Frank McLintock
7%
1901-1905 Jimmy Jackson
7%
1929-1932 Tom Parker
7%
1889 Arthur Brown
4%
1966-1967 Don Howe
4%
1937-1944 Eddie Hapgood
4%
1924-1925 Alf Baker
2%
1890-1891 Bill Julian
2%
1923-1924 Billy Blyth
2%
1928-1929 Billy Blyth
2%
1973-1974 Bob McNab
2%
1895-1896 Caesar Jenkyns
2%
1892-1893 Charles Booth
2%
1925-1928 Charlie Buchan
2%
1956 Cliff Holton
2%
1957 Cliff Holton
2%
1958-1959 Dave Bowen
2%
1886-1889 David Danskin
2%
1894-1895 David Howat
2%
1957-1958 Dennis Evans
2%
1955-1956 Don Roper
2%
1900-1901 Duncan McNichol
2%
1975 Eddie Kelly
2%
1920-1922 Frank Bradshaw
2%
1896-1898 Gavin Crawford
2%
1963-1966 George Eastham
2%
1944-1947 George Male
2%
1954 Jimmy Logie
2%
1947-1954 Joe Mercer
2%
1899-1900 Joe Murphy
2%
1893-1894 Joe Powell
2%
1919-1920 Joe Shaw
2%
1905-1906 John Dick
2%
1889-1890 Morris Bates
2%
1906-1919 Percy Sands
2%
1956-1957 Peter Goring
2%
1891-1892 Sandy Robertson
2%
1962-1963 Terry Neill
2%
1959-1962 Vic Groves
2%
1954-1955 Walley Barnes
2%
No matching quizzes found
Score Distribution
Percent of People with Each Score
Percentile by Number Answered
Your Score History
You have not taken this quiz